| 000 | 00695nam a22002657a 4500 | ||
|---|---|---|---|
| 003 | CHAP | ||
| 005 | 20220329135955.0 | ||
| 008 | 971013s1901 r 00010 d | ||
| 010 | _a44977 | ||
| 011 | _a45949 | ||
| 035 | _a50089 | ||
| 040 | _cCHAP | ||
| 082 |
_a634.81 _bH5 |
||
| 245 | _aUva de mesa | ||
| 260 |
_aMéxico, D.F. : _b(s.e.), _c1901 |
||
| 300 | _app. (247-262) | ||
| 501 | _aEnc. con otros impresos similares | ||
| 590 |
_aBATCH-UPD _b10 _c20130110 _lUCH01 _h1724 |
||
| 590 |
_aCONVERSION _b10 _c20130109 _lUCH01 _h1325 |
||
| 650 | 1 | 4 |
_aUva. _9117117 |
| 650 | 1 | 4 |
_aVid. _9119097 |
| 901 | _aBK | ||
| 942 | _cLIBRO | ||
| 949 |
_a634.81 H5 _bBC _cBPP _d-112712 _eBPP _h23370 _i50089 _si |
||
| 999 |
_c44977 _d44977 |
||